000 00545cam a2200169 a 4500
005 20250901165327.0
008 970715s1998 enk b 001 0 eng
010 _a 97030627
020 _a1858986389
050 0 0 _aHG181 .C6515 1998
_b.C6515 1998
082 0 0 _a332.1
_221
100 1 _aCoggins, Bruce,
_d1958-
245 1 0 _aDoes financial deregulation work? :
_ba critique of free market approaches /
_cBruce Coggins.
260 _aCheltenham, UK ;
_aNorthampton, MA :
_bEdward Elgar,
_cc1998.
300 _aviii, 230 p. ;
_c23 cm.
942 _2ddc
999 _c2220
_d2220